| 000 | 00758nam a22002292i 4500 | ||
|---|---|---|---|
| 001 | 18614 | ||
| 003 | BD-RjUL | ||
| 005 | 20211209000317.0 | ||
| 008 | 140220s1963 enk 000 0 eng d | ||
| 035 |
_aOCLC ocm02156769 from D950119M _a(BD-RjUL)18672 |
||
| 040 |
_aGZP _cGZP _dOCL _dBD-RjUL _beng |
||
| 041 | _aeng | ||
| 082 |
_a821.8 _bFIV 1963 |
||
| 090 |
_aPS614 _b.F55 |
||
| 245 | 0 | 0 |
_aFive American poets : _bEdgar Bowers, Howard Nemerov, Hyam Plutzik, Louis Simpson, William Stafford / _cedited by Thom Gunn and Ted Hughes |
| 260 |
_aLondon : _bFaber and Faber, _cc1963. |
||
| 300 |
_a110 p. ; _c23 cm |
||
| 650 | 0 |
_aAmerican poetry _y20th century _951744 |
|
| 700 | 1 |
_aGunn, Thom. _955640 |
|
| 700 | 1 |
_aHughes, Ted, _d1930-1998 _955031 |
|
| 942 |
_2ddc _cBK |
||
| 999 |
_c18614 _d18614 |
||